000 02552cam a22006254i 4500
003 PE-LiUPU
005 20250731170438.0
008 150625s2004 sp a rb 000 0 spa d
020 _a8472453723
035 _a(Sirsi) i9788472453722
040 _aPE-LiUPU
_bspa
_cPE-LiUPU
_erda
049 _aPRUA
082 0 4 _a131.313
_bC83
_221
082 0 4 _a159.942
_bC92
100 1 _aCsikszentmihalyi, Mihaly,
_eautor.
245 1 0 _aFluir (Flow) :
_bUna psicología de la felicidad /
_cMihaly Csikszentmihalyi.
264 1 _aBarcelona :
_bKairós,
_c2004.
300 _aLima :
_bGaceta Jurídica,
_c2016.
336 _atext
_2rdacontent
337 _aunmediated
_2rdamedia
338 _avolume
_2rdacarrier
504 _aIncluye referencias bibliográficas.
505 0 _aLa revisión del concepto de la felicidad -- La anatomía de la conciencia -- El disfrute y la calidad de la vida -- Las condiciones del flujo -- El cuerpo en el flujo -- El flujo del pensamiento -- El trabajo como flujo -- Disfrutar de la soledad y de los demás -- Engañar al caos -- La elaboración del significado.
526 _aSEG68
526 _aSEG70
526 _aSEG69
526 _aSEG67
526 _aSEG43
526 _aP144
526 _aP143
526 _aP131
526 _aP122
526 _aP120
526 _aP117
526 _aP112
526 _aP110
526 _aP106
526 _aP101
526 _aP80
526 _aP59
526 _aP54
526 _aP35
526 _aP33
526 _aP30
541 _g8487;
541 _gF002-00000344;
650 0 4 _aFelicidad
_xAspectos psicológicos.
942 _2ddc
_cBOOK
949 _a131.313 C83
_wDEWEY
_c1
_i53933
_d2016-6-23
_e2016-6-22
_lCCODEBUL1
_mBUL
_n1
_p35.00
_r0
_sY
_tBOOK
_u2015-6-25
_xTEOLOGIA
_zUNKNOWN
_0COMPRA
_o.STAFF. Colección Teología
949 _a159.942 C92 2017
_wDEWEY
_c1
_iFJ11585
_lCCODEBUJ1
_mBUJ
_p33.00
_r0
_sY
_tBOOK
_u2018-09-10
_xSALUD
_PP33
_0COMPRA
_o.STAFF. Colección General Juliaca
994 _aC0
_bPEPRU
596 _a1 3
999 _a131.313 C83
_wDEWEY
_c44015
_i53933
_d44015
_e2016-6-22
_f2021-11-4
_g5
_lCCODEBUL1
_mBUL
_n1
_p35.00
_q1
_r0
_sY
_tBOOK
_u2015-6-25
_xBIBLIOTECA
_PP35
_0COMPRA
_o.STAFF. Colección Teología
999 _a159.942 C92 2017
_wDEWEY
_c1
_iFJ11585
_d2018-11-12
_e2018-9-23
_f2022-1-17
_g3
_lCCODEBUJ1
_mBUJ
_n1
_p33.00
_q4
_r0
_sY
_tBOOK
_u2018-9-10
_xSALUD
_PP33
_0COMPRA
_1FCOMPRA
_o.STAFF. Colección General Juliaca
980 _81
_gALBERTO SANCHEZ Responsable de Automatización